Quizzes
Events
Quiz Creation
Community
Videos
Private Events
Remove Ads
Sign In
Join for FREE
Feedback
Dark Mode
Quiz Categories
Sports
Geography
Music
Movies
Television
Just For Fun
Miscellaneous
History
Literature
Language
Science
Gaming
Entertainment
Religion
Holiday
For Kids
Quiz Lab
Recent
Popular Today
Quiz Kudos Today
Editor Picks
Curator Picks
Quizzes by...
Day
Popularity
Type
Ratings
Length
Year
Community
Subscriptions
Recent Discussions
Orange Saloon
Badges
Playlists
Quests
Create
Leaderboards
Showdown
Live 5
Trivia Bingo
Activity
Puzzle Library
Sporcle Events
Private Events
Virtual Trivia
Globe League
Become a Host
Pub Owners
SporcleCon
Opinionation
Our Games
Videos
Blog
Mobile Apps
Partnerships
Remove Ads and Go Orange
Feedback
Sports
Athletes
MLB
NBA
NHL
NFL
Soccer
Sports Teams
WWE
NCAA
Football
Premier League
Basketball
Baseball
Hockey
Golf
Tennis
Cricket
Rugby
Auto Racing
Olympics
World Cup
Sports
Athletes
MLB
NBA
NHL
NFL
Soccer
Sports Teams
WWE
NCAA
Football
Premier League
Basketball
Baseball
Hockey
Golf
Tennis
Cricket
Rugby
Auto Racing
Olympics
World Cup
Random Quiz
Search Sporcle
×
Quiz Lab
Quiz Lab
Sports
NBA
Type in answers that appear in a list
Type in answers that appear in a list
Classic
Best Score? Go Orange.
NBA Jersey Number Stats
Can you name the player who wears that number for the team?
By
alexloklok
5m
30 Questions
526 Plays
526 Plays
526 Plays
Comments
Comments
Give Quiz Kudos
Give Quiz Kudos
-
- Ratings
hide this ad
More Info
Replay
Link that replays current quiz
Next Quiz
Link to next quiz in quiz playlist
You Got
0%
They Got
Avg Score
73%
Avg Friend Score
Upgrade to see
Score Distribution
Jump to the score distribution portion of the page
Score
0/30
Timer
05:00
0
Plays Today
Team
Player
% Correct
Miami Heat
LeBron James
95.6%
Boston Celtics
Paul Pierce
94.3%
Dallas Mavericks
Dirk Nowitzki
93.2%
Chicago Bulls
Derrick Rose
93.2%
Los Angeles Lakers
Pau Gasol
92.6%
Denver Nuggets
Carmelo Anthony
91.3%
Washington Wizards
John Wall
89.7%
Oklahoma City Thunder
Kevin Durant
89%
New Orleans Hornets
Chris Paul
88.6%
Utah Jazz
Deron Williams
88.6%
Phoenix Suns
Steve Nash
86.1%
Orlando Magic
Dwight Howard
85.6%
Los Angeles Clippers
Blake Griffin
83.7%
San Antonio Spurs
Manu Ginobili
83.5%
Golden State Warriors
Monta Ellis
80.4%
Team
Player
% Correct
Houston Rockets
Yao Ming
77.2%
Memphis Grizzlies
O.J. Mayo
74.5%
New Jersey Nets
Devin Harris
73.6%
Atlanta Hawks
Mike Bibby
71.1%
Sacramento Kings
Tyreke Evans
70.3%
Detroit Pistons
Rodney Stuckey
66.9%
Indiana Pacers
Roy Hibbert
66%
Charlotte Bobcats
Stephen Jackson
61.8%
New York Knicks
Raymond Felton
61%
Cleveland Cavaliers
Daniel Gibson
56.8%
Portland Trail Blazers
Andre Miller
51%
Toronto Raptors
Jose Calderon
48.9%
Milwaukee Bucks
John Salmons
44.9%
Philadelphia 76ers
Spencer Hawes
27%
Minnesota Timberwolves
Luke Ridnour
21.5%
Quiz Playlist
Details
Report
Send in Message
Add To Playlist
More Info:
2010-2011
Classic:
Type in answers that appear in a list
Last Updated: Feb 16, 2017
Quiz Scoreboard
CHALLENGE
Sign Up to Join the Scoreboard
Show All
Scores
Hide
Comments
May contain spoilers
Recently Published
An Introduction to Baseball
by treessimontrees
Sports
5m
Movies - When Are They Set?
by FPL_Elf
Movies
5m
Popular People in 1961
by mucciniale
History
6m
More to Explore
Quiz From the Vault
Featured Blog Post
Where Did the Easter Bunny Come From?
hide this ad
You Might Also Like...
Tags
Basketball Quiz
NBA Quiz
Numbers Quiz
Jersey
Player
team
Wear
Today's Top Quizzes in Sports
Browse Sports
hide this ad
Today's Top Quizzes in NBA
Browse NBA
Top Contributed Quizzes in Sports
1
Les meilleurs buteurs des matchs entre le PSG et l’OM
2
2022 World Cup Stars
3
FIFA Club World Cup Champions
4
Les entraîneurs de l'OM et du PSG au 21e siècle
5
Name the Premier League winners with different clubs
6
La finale Lions - Afrique du Sud 2021
7
Les joueurs passés par le LOSC et le RC Lens
8
Criteria MLB: Left Handed Sluggers
9
Players with Multiple 50 Home Run Seasons
10
5-to-1: UK Sports Teams
Explore More
Trending Topics
Anime
NBA
Harry Potter
Crossword
Disney
Marvel
Kpop
Song
NFL
Pokémon
WWE
The Office
Puzzle
Soccer
Country
hide this ad
More By:
alexloklok
Quiz
Plays
Rating
Category
Featured
Created
NBA Jersey Number
526
4.00
Sports
Dec 8, 2010
Go to Creator's Profile
Score Distribution
Quiz Creator Spotlight
alexloklok
Follow
Send a Message
Quizzes Created
-
Created Quiz Play Count
-
More By This Creator
Popular Quizzes Today
1
Find the Countries of Europe - No Outlines Minefield
2
Find the US States - No Outlines Minefield
3
The Countries of the World
4
Popular People in 1961
5
US States
6
Find the US States
7
1-10 Letter E Words III
8
Risky Map Clicking: Biggest States A-Z
More Sports Quizzes
MLB Team by Championship Years
Published
Trending Quizzes
Risky Map Clicking: Least Populous States A-Z
1-10 Letter F Words
1-10 Letter G Words
One Thing in Common: United Kingdom
Not Quite an Element Typing Challenge
Recently Updated
Leaping Animals
pecheneg
Reality TV Shows (A-Z)
bhenderson79
Rickey Henderson's Hall of Fame Teammates
pecheneg
Champions League XIs: Arsenal
pecheneg
Quick Pick: Celebrities in WWE's Hall of Fame
aduchscher
A-Z Keypad Blitz II
pecheneg
Multiple Oscar Actors
pecheneg
Mystery Phrase Blitz: Oscar 'Best Actors'
pecheneg
F. Scott Fitzgerald Novels
LTH
Pick 3 Villains
ddd62291
Trending Topics
Crossword
NBA
Marvel
Anime
Harry Potter
Disney
Kpop
The Office
Puzzle
Soccer
Song
Pokémon
Country
NFL
WWE
Your Account Isn't Verified!
In order to create a playlist on Sporcle, you need to verify the email address you used during registration. Go to your
Sporcle Settings
to finish the process.
Report this User
Report this user for behavior that violates our
Community Guidelines
.
Details:
Send Report
Go to the Sporcle.com Mobile Site →
Comments